Food,feed and fuel from biomass / (Record no. 10499)
[ view plain ]
| 000 -LEADER | |
|---|---|
| fixed length control field | 00412cam a2200157ua 4500 |
| 003 - CONTROL NUMBER IDENTIFIER | |
| control field | OSt |
| 008 - FIXED-LENGTH DATA ELEMENTS--GENERAL INFORMATION | |
| fixed length control field | 240213b |||||||| |||| 00| 0 eng d |
| 020 ## - INTERNATIONAL STANDARD BOOK NUMBER | |
| ISBN | 81 204 0499 8 |
| 041 ## - LANGUAGE CODE | |
| Language code of text/sound track or separate title | eng |
| 082 ## - DEWEY DECIMAL CLASSIFICATION NUMBER | |
| Classification number | 662.88 |
| Item number | CHA/FO |
| 100 ## - MAIN ENTRY--AUTHOR NAME | |
| Personal name | Chahal, D S . |
| 245 ## - TITLE STATEMENT | |
| Title | Food,feed and fuel from biomass / |
| 260 ## - PUBLICATION, DISTRIBUTION, ETC. (IMPRINT) | |
| Place of publication | New Delhi : |
| Name of publisher | Oxford & IBH Publishing company , |
| Year of publication | 1991. |
| 300 ## - PHYSICAL DESCRIPTION | |
| Number of Pages | 467 ; . |
| 942 ## - ADDED ENTRY ELEMENTS (KOHA) | |
| Koha item type | Books |
| Withdrawn status | Lost status | Damaged status | Home library | Current library | Date acquired | Full call number | Accession Number | Koha item type |
|---|---|---|---|---|---|---|---|---|
| KAUAET | KAUAET | 07/04/2012 | 662.88 CHA/FO | 19687 | Books | |||
| KAUAET | KAUAET | 01/08/2018 | 621.0421 CHA/FO | 20051 | Books |
